| 000 | 00504nam a2200157 i 4500 | ||
|---|---|---|---|
| 001 | 56752 | ||
| 003 | ES-MaACL | ||
| 005 | 20230906163434.0 | ||
| 007 | t| | ||
| 008 | 031013s1971 sp ||||1| spa d | ||
| 110 | 1 |
_aNavarra (Comunidad Autónoma). _bDiputación Foral. _95984 |
|
| 245 | 1 | 0 |
_aPresupuesto de gastos e ingresos _b: año 1971 / _cDiputación Foral de Navarra. |
| 260 |
_aPamplona : _b[s.n., _c1971] ( _fImp. Diputación) |
||
| 300 |
_a74 p. ; _c24 cm. |
||
| 852 |
_aES-MaACL _jC-44027 _bR.76495 |
||
| 999 |
_c56752 _d56752 |
||